000 00293nam a22001337a 4500
008 170502b xxu||||| |||| 00| 0 eng d
020 _a9780205464104
041 _aeng
080 _a34
100 _a13
101 _aSHJ
245 _aINTRODUCTION CPUNSELING
_cNYSTUL.M.S
942 _2udc
_cBK
999 _c12418
_d12418